00604 2200217 4500001002100000005001500021035002000036007000300056008004100059020002200100100002400122245006400146260003800210300003500248082001200283084001800295250000900313650001800322600001100340990003500351INLIS00000000000757620260423032457 a0010-0226000012ta260423 0 ind  a978-979-582-304-91 aIriani, Evi Savitri1 aKemiri Sunan Sumber Energi Terbarukan /cEvi Savitri Iriani aJakarta :bPertanian Press,c2024 axiv, 96 hlm. :bilus. ;c21 cm a621.042 a621.042 Iri k aEd.1 4aSumber Energi 4aKemiri ac.1/33/Polbangtan Yoma/ha/2026